La fuerza de voluntad (Record no. 173813)
[ view plain ]
| 000 -LEADER | |
|---|---|
| campo de control de longitud fija | 00882nam a22001815i 4500 |
| 001 - NÚMERO DE CONTROL | |
| campo de control | 173813 |
| 003 - IDENTIFICADOR DE NÚMERO DE CONTROL | |
| campo de control | ES-MaACL |
| 005 - FECHA Y HORA DE LA ÚLTIMA TRANSACCIÓN | |
| campo de control | 20230906215343.0 |
| 008 - DATOS DE LONGITUD FIJA--INFORMACIÓN GENERAL | |
| campo de control de longitud fija | 100122s1872 sp |||| | spa d |
| 100 1# - ENTRADA PRINCIPAL--NOMBRE DE PERSONA | |
| Nombre de persona | Granés, Salvador María. |
| 9 (RLIN) | 127535 |
| 245 13 - MENCIÓN DEL TÍTULO | |
| Título | La fuerza de voluntad |
| Resto del título | : zarzuela cómica en un acto y en verso / |
| Mención de responsabilidad, etc. | original de Salvador María Granés ; música del maestro B. de Monfort. |
| 260 ## - PUBLICACIÓN, DISTRIBUCIÓN, ETC. | |
| Lugar de publicación, distribución, etc. | Madrid : |
| Nombre del editor, distribuidor, etc. | [s.n.], |
| Fecha de publicación, distribución, etc. | 1872 ( |
| Fabricante | Imp. de José Rodríguez) |
| 300 ## - DESCRIPCIÓN FÍSICA | |
| Extensión | 27 p. ; |
| Dimensiones | 17 cm. |
| 500 ## - NOTA GENERAL | |
| Nota general | En port.: Representada por primera vez en el Teatro de la Risa (Circo de Paul), el día 19 de abril de 1872. |
| 500 ## - NOTA GENERAL | |
| Nota general | Solo la letra. |
| 700 1# - ENTRADA AGREGADA--NOMBRE PERSONAL | |
| Nombre de persona | Monfort, Benito de. |
| 9 (RLIN) | 142007 |
| 852 ## - LOCALIZACIÓN | |
| Ubicación | ES-MaACL |
| Número de control de estantería | F-8616(8) |
| Nota libre | .- Enc. pasta española |
| condición física | .- Falto de la cub. original |
| Nota libre | .- Enc. en un vol. facticio formando parte de la col. facticia "Teatro español moderno", vol. 71 |
| Estatus retirado | Estado de pérdida | Estado de daño | No para préstamo | Colección | Biblioteca de origen | Biblioteca actual | Ubicación en estantería | Fecha de adquisición | Fuente de adquisición | Total de préstamos | Signatura topográfica completa | Código de barras | Visto por última vez | Precio de reemplazo | Tipo de ítem Koha |
|---|---|---|---|---|---|---|---|---|---|---|---|---|---|---|---|
| Libros del s. XIX | Biblioteca del Ateneo de Madrid | Biblioteca del Ateneo de Madrid | Sala Pecera Planta 2 | 22/01/2010 | F-8616(8) | 1182444 | 23/02/2023 | 23/02/2023 | Libro impreso antiguo |
